[Event "Ljubljana-chT 71st"]
[Site "Ljubljana"]
[Date "2018.01.26"]
[Round "3.2"]
[White "Praznik, Anton"]
[Black "Trussevich, Simon"]
[Result "1-0"]
[WhiteElo "2145"]
[BlackElo "1812"]
[PlyCount "135"]
[EventDate "2018.01.11"]
[EventType "team-tourn"]
[EventRounds "9"]
[EventCountry "SLO"]
[SourceTitle "EXT 2020"]
[Source "ChessBase"]
[SourceDate "2019.10.17"]
[SourceVersion "1"]
[SourceVersionDate "2019.10.17"]
[SourceQuality "1"]
[WhiteTeam "Vrhnika"]
[BlackTeam "Ljubljana SK"]
[WhiteTeamCountry "SLO"]
[BlackTeamCountry "SLO"]

1. e4 c5 2. Nf3 e6 3. d3 Nc6 4. g3 d6 5. Bg2 Nge7 6. 0-0 g6 7. c3 Bg7 8. Bg5 0-0 9. Qd2 Re8 10. Bh6 Ne5 11. Bxg7 Nxf3+ 12. Bxf3 Kxg7 13. d4 e5 14. Na3 Be6 15. Bg2 a6 16. f4 cxd4 17. f5 gxf5 18. Qg5+ Kh8 19. exf5 Nxf5 20. Rxf5 Bxf5 21. Qxf5 Qe7 22. Be4 f6 23. Nc4 Rad8 24. Nb6 dxc3 25. Nd5 cxb2 26. Rb1 Qg7 27. Rxb2 b5 28. Rc2 Rf8 29. Rc7 Rf7 30. Rc6 Qh6 31. Qe6 Kg7 32. Qf5 Kh8 33. Rc2 a5 34. Kg2 b4 35. Rf2 Qg7 36. Qe6 Rdf8 37. Ne3 f5 38. Rxf5 Rxf5 39. Bxf5 Qg5 40. Qe7 Qh5 41. g4 Qh6 42. Qd7 Rb8 43. Qc7 Rg8 44. Nc4 e4 45. Qe7 d5 46. Qe5+ Qg7 47. Qxd5 Qa1 48. Ne5 Qb2+ 49. Kg3 Re8 50. Kf4 Qxh2+ 51. Kxe4 Qg2+ 52. Kd4 Qd2+ 53. Kc5 Qc3+ 54. Kd6 Rd8+ 55. Bd7 Qg3 56. Qf7 Qh4 57. Qf5 Qh6+ 58. Kc7 Rf8 59. Nf7+ Rxf7 60. Qxf7 Qc1+ 61. Bc6 Qc5 62. Qf6+ Kg8 63. Kd7 Qa7+ 64. Ke8 Qb8+ 65. Ke7 Qc7+ 66. Bd7 Qc5+ 67. Ke8 Qe3+ 68. Be6+ 1-0

[Event "SLO-chT2 West"]
[Site "Komenda"]
[Date "2017.11.12"]
[Round "4.4"]
[White "Krivec, Metod"]
[Black "Trussevich, Simon"]
[Result "0-1"]
[WhiteElo "1755"]
[BlackElo "1734"]
[PlyCount "158"]
[EventDate "2017.11.11"]
[EventType "team-tourn"]
[EventRounds "7"]
[EventCountry "SLO"]
[SourceTitle "EXT 2019"]
[Source "ChessBase"]
[SourceDate "2018.10.10"]
[SourceVersion "1"]
[SourceVersionDate "2018.10.10"]
[SourceQuality "1"]
[WhiteTeam "Radovljica"]
[BlackTeam "Ljubljana Duol II"]
[WhiteTeamCountry "SLO"]
[BlackTeamCountry "SLO"]

1. d4 d5 2. c4 e6 3. Nf3 Nf6 4. Nc3 Be7 5. Qc2 0-0 6. e3 b6 7. cxd5 exd5 8. Bd3 Bb7 9. 0-0 Nbd7 10. b3 h6 11. Bb2 c5 12. Rac1 Re8 13. Rfd1 Bf8 14. Qe2 a6 15. Bb1 Rc8 16. Rd2 c4 17. Bf5 b5 18. Rdc2 b4 19. Nxd5 Bxd5 20. bxc4 Be4 21. Bxe4 Nxe4 22. Ne1 f5 23. Nd3 a5 24. f3 Nef6 25. Kf2 Nb6 26. Ne5 Nfd7 27. Nd3 Na4 28. Ba1 Nf6 29. Ne5 Bd6 30. f4 Ne4+ 31. Kf1 Bxe5 32. fxe5 Nac3 33. Bxc3 bxc3 34. Qh5 Qg5 35. Qe2 Rb8 36. c5 Kh7 37. c6 Rbc8 38. Rxc3 Nxc3 39. Rxc3 Qe7 40. Qd3 Qe6 41. c7 Qd7 42. g4 g6 43. gxf5 Qxf5+ 44. Qxf5 gxf5 45. Kf2 Re7 46. e6 Rxe6 47. d5 Rd6 48. Rc5 Kg7 49. Kf3 Rd7 50. Kf4 Rcxc7 51. Rxa5 Ra7 52. Rc5 Rxa2 53. Kxf5 Kf7 54. e4 Rf2+ 55. Ke5 Rxh2 56. Rc6 Re7+ 57. Kd6 Re2 58. e5 R2xe5 59. Rc1 Rf5 60. Rg1 h5 61. Kc6 Rf6+ 62. Kc5 Rf5 63. Kc6 Rf6+ 64. Kc5 Rc7+ 65. Kd4 Rc2 66. Rg5 h4 67. Rh5 Rh2 68. Ke5 Re2+ 69. Kd4 Rh2 70. Ke5 Kg6 71. Rh8 Rf5+ 72. Ke4 Rh5 73. Ra8 Rd2 74. Ra6+ Kf7 75. Ra7+ Kf6 76. Ra6+ Ke7 77. Ra7+ Kd6 78. Ra6+ Kc7 79. d6+ Rxd6 0-1

[Event "SLO-chT2 West"]
[Site "Komenda"]
[Date "2017.11.11"]
[Round "1.4"]
[White "Leben, Dusan"]
[Black "Trussevich, Simon"]
[Result "1-0"]
[WhiteElo "1858"]
[BlackElo "1734"]
[PlyCount "99"]
[EventDate "2017.11.11"]
[EventType "team-tourn"]
[EventRounds "7"]
[EventCountry "SLO"]
[SourceTitle "EXT 2019"]
[Source "ChessBase"]
[SourceDate "2018.10.10"]
[SourceVersion "1"]
[SourceVersionDate "2018.10.10"]
[SourceQuality "1"]
[WhiteTeam "Trzin"]
[BlackTeam "Ljubljana Duol II"]
[WhiteTeamCountry "SLO"]
[BlackTeamCountry "SLO"]

1. e4 c5 2. Nf3 d6 3. d4 cxd4 4. Nxd4 Nf6 5. Nc3 e6 6. Be3 Be7 7. Qd2 0-0 8. f3 a6 9. 0-0-0 b5 10. a3 Qc7 11. g4 Nc6 12. Nxc6 Qxc6 13. h4 Rb8 14. Na2 Nd7 15. g5 Ne5 16. Be2 Nc4 17. Bxc4 Qxc4 18. Kb1 Bb7 19. h5 d5 20. g6 Rbd8 21. h6 fxg6 22. hxg7 Rf7 23. Rxh7 Rxg7 24. Rxg7+ Kxg7 25. Rh1 dxe4 26. Qh2 Qd5 27. Qh6+ Kf7 28. Nc3 Qe5 29. Qh7+ Qg7 30. Qh2 exf3 31. Qc7 Bd5 32. Bg5 Re8 33. Qd7 Bc6 34. Qxc6 Bxg5 35. Qxf3+ Kg8 36. Qc6 Qe7 37. Rg1 Rf8 38. Qg2 Bh6 39. Qxg6+ Bg7 40. Ne4 Qf7 41. Qg4 Ra8 42. Ng5 Qf6 43. Qxe6+ Qxe6 44. Nxe6 Kf7 45. Nxg7 Rg8 46. Rf1+ Kxg7 47. Rg1+ Kf7 48. Rxg8 Kxg8 49. Ka2 Kf7 50. a4 1-0

[Event "Bled op"]
[Site "Bled"]
[Date "2017.03.12"]
[Round "5"]
[White "Kastelic, Amadej"]
[Black "Trussevich, Simon"]
[Result "1/2-1/2"]
[WhiteElo "1178"]
[BlackElo "1381"]
[PlyCount "43"]
[EventDate "2017.03.10"]
[EventType "swiss"]
[EventRounds "5"]
[EventCountry "SLO"]
[SourceTitle "EXT 2019"]
[Source "ChessBase"]
[SourceDate "2018.10.10"]
[SourceVersion "1"]
[SourceVersionDate "2018.10.10"]
[SourceQuality "1"]

1. e4 c5 2. Nf3 e6 3. d4 cxd4 4. Nxd4 Nf6 5. Nc3 d6 6. Be2 Be7 7. 0-0 0-0 8. Be3 a6 9. f4 Qc7 10. a4 Nc6 11. Nb3 b6 12. Bf3 Bb7 13. g4 Na5 14. g5 Nd7 15. Nxa5 bxa5 16. Bg2 Nb6 17. Qh5 g6 18. Qh6 Rfd8 19. Rf3 Bf8 20. Qh4 Be7 21. Rh3 h5 22. Bf3 1/2-1/2